MDQL
is popping MORE tags! Check the
thread
!
Quizzes
Events
Quiz Creation
Community
Videos
Private Events
Remove Ads
Sign In
Join for FREE
Feedback
Dark Mode
Quiz Categories
Sports
Geography
Music
Movies
Television
Just For Fun
Miscellaneous
History
Literature
Language
Science
Gaming
Entertainment
Religion
Holiday
For Kids
Quiz Lab
Recent
Popular Today
Quiz Kudos Today
Editor Picks
Curator Picks
Quizzes by...
Day
Popularity
Type
Ratings
Length
Year
Community
Subscriptions
Recent Discussions
Orange Saloon
Badges
Playlists
Quests
Create
Leaderboards
Showdown
Live 5
Trivia Bingo
Activity
Puzzle Library
Sporcle Events
Private Events
Virtual Trivia
Globe League
Become a Host
Pub Owners
SporcleCon
Opinionation
Our Games
Videos
Blog
Mobile Apps
Partnerships
Remove Ads and Go Orange
Feedback
Television
TV Characters
TV Show
Sitcom
Network
Friends
Reality Shows
Cast
South Park
Star Trek
The Simpsons
Doctor Who
Television
TV Characters
TV Show
Sitcom
Network
Friends
Reality Shows
Cast
South Park
Star Trek
The Simpsons
Doctor Who
Random Quiz
Search Sporcle
×
Quiz Lab
Quiz Lab
Television
Survivor
Type in answers that appear in a list
Type in answers that appear in a list
Classic
Best Score? Go Orange.
LOST Finale Survivors Stats
Can you name the LOST Finale Survivors?
By
TPH
5m
17 Questions
1,534 Plays
1,534 Plays
1,534 Plays
Comments
Comments
Give Quiz Kudos
Give Quiz Kudos
-
- Ratings
hide this ad
More Info
Replay
Link that replays current quiz
Next Quiz
Link to next quiz in quiz playlist
You Got
0%
They Got
Avg Score
70%
Avg Friend Score
Upgrade to see
Score Distribution
Jump to the score distribution portion of the page
Score
0/17
Timer
05:00
0
Plays Today
Lostie
% Correct
Kate Austen
98.4%
James Ford
95.2%
Hugo Reyes
94.4%
Benjamin Linus
93.2%
Claire Littleton
86.6%
Miles Straume
82.8%
Frank Lapidus
80.1%
Desmond Hume
77.4%
Richard Alpert
75.6%
Lostie
% Correct
Aaron Littleton
73.2%
Rose Nadler
69.9%
Bernard Nadler
69.2%
Walt Lloyd
66%
Penelope Widmore
64.9%
Ji Yeon Kwon
29.6%
Eloise Hawking
28%
Charlie Hume
19.6%
Quiz Playlist
Details
Report
Send in Message
Add To Playlist
More Info:
Name the major characters who were known to survive the LOST finale at the moment right after Jack dies (hint, Jack's not an answer)
Classic:
Type in answers that appear in a list
Last Updated: Jun 22, 2017
Quiz Scoreboard
CHALLENGE
Sign Up to Join the Scoreboard
Show All
Scores
Hide
Comments
May contain spoilers
Recently Published
Two Season TV Shows II
by 123Four
Television
10m
Image Sorting: Flags VI
by Barbecue
Geography
2m
Find the 'City' Movie
by crazypaving
Movies
60s
More to Explore
Quiz From the Vault
Featured Blog Post
14 Easter Pick-up Lines to Find Eggs With
hide this ad
You Might Also Like...
Tags
finale
Lost (ABC)
Survivor
Today's Top Quizzes in Television
Browse Television
hide this ad
Today's Top Quizzes in Survivor
Browse Survivor
Top Contributed Quizzes in Television
1
Survivor Journey Challenge
2
Adjectives in 00s TV Shows
3
Brooklyn Nine Nine Logic Puzzle (How-To-Play)
4
Even More Two Season TV Shows
5
Total Drama Characters
6
Survivor Logic Puzzle: Heroes vs. Villains
7
Adjectives in 10s TV Shows
8
Survivor Heroes vs. Villains Logic Puzzle
9
Phoebe Buffay Quotes
10
Survivor Seasons
Explore More
Trending Topics
Anime
Marvel
NBA
Kpop
Disney
Crossword
Harry Potter
Pokémon
Soccer
NFL
WWE
The Office
Country
Puzzle
Song
hide this ad
More By:
TPH
Quiz
Plays
Rating
Category
Featured
Created
LOST Finale Survivors
1,534
2.56
Television
May 24, 2010
Largest Cities in US without Sports Team
254
2.50
Sports
May 30, 2010
ECW Television Champions
252
5.00
Sports
May 25, 2010
Top OPS All-Time
186
4.50
Sports
May 31, 2010
Wrestler Theme Songs
85
5.00
Sports
Jun 7, 2010
Go to Creator's Profile
Score Distribution
Quiz Creator Spotlight
TPH
Follow
Send a Message
Quizzes Created
-
Created Quiz Play Count
-
More By This Creator
Popular Quizzes Today
1
Find the US States - No Outlines Minefield
2
Colored Red Africa Blitz
3
Find the 'City' Movie
4
5x2 Blitz: Bands
5
The Countries of the World
6
Find the Countries of Europe - No Outlines Minefield
7
Find the US States
8
US States
More Television Quizzes
Countries of Television Stations (Europe, easy)
Editor's Pick
Trending Quizzes
Colored Red Europe Blitz I
Colored Red Africa Blitz II
Colored Red Europe Blitz II
Colored Red Europe Blitz III
Colored Red Africa Blitz III
Recently Updated
How Do You Spell That?
pecheneg
Godzilla Movies
pecheneg
Grab Bag: 4-10 Letters
pecheneg
2024 March Madness Bracket
pecheneg
Famous TV Couples
Peacemaker
Champions League XIs: Real Madrid
pecheneg
Largest US Cities 1790-2010
pecheneg
Rides in Walt Disney World
pecheneg
Most Oscar Losses (Acting)
pecheneg
Beyoncé Albums
pecheneg
Trending Topics
Marvel
Disney
Harry Potter
Crossword
NBA
Kpop
Anime
Pokémon
NFL
Puzzle
Country
Soccer
WWE
The Office
Song
Your Account Isn't Verified!
In order to create a playlist on Sporcle, you need to verify the email address you used during registration. Go to your
Sporcle Settings
to finish the process.
Report this User
Report this user for behavior that violates our
Community Guidelines
.
Details:
Send Report
Go to the Sporcle.com Mobile Site →
Comments